| 000 -LEADER |
| fixed length control field |
01112nam a22001097a 4500 |
| 008 - FIXED-LENGTH DATA ELEMENTS--GENERAL INFORMATION |
| fixed length control field |
160516b xxu||||| |||| 00| 0 eng d |
| 100 ## - MAIN ENTRY--AUTHOR'S NAME |
| Author's Name |
Rommerskirchen, Helmut |
| 245 ## - TITLE STATEMENT |
| Title |
Manual of Independent State of Croatia Issues 1941-1945 - Nezavisna Drzava Hrvatska |
| Remainder of title |
Translated from German by Croatian Philatelic Society |
| 260 ## - PUBLICATION, DISTRIBUTION, ETC. (IMPRINT) |
| Place of publication, distribution, etc. |
Londan, Canada |
| Name of publisher, distributor, etc. |
Croatian Philatelic Society |
| Date of publication, distribution, etc. |
1986 |
| 500 ## - GENERAL NOTE |
| Materials specified |
by Helmut Rommerskirchen ; translated from German and edited for the Croatian Philatelic Society by C.D. Glavanic, Editor of The Trumpeter. --<br/>Photocopy |
| 650 ## - TOPICAL TERM (Tag) |
| Topical term or geographic name |
Yugoslavia | Croatia (1941-1945) | Postal History | Production | Errors and Varieties | Printing | Provisionals and Forerunners | Overprints and Surcharges | Plates and Plating | Designs | Essays and Proofs | Stamps -- Histories | Postal Markings | Postal Stationery | Military and War Issues | Military Mail | Censored Mail | Prisoner-of-War and Internee Mail | Germany | Occupation Issues | Semi-postal Issues | Metered Mail | Registered Mail | Mobile Post Offices | Railway Mail | Postal Rates | International Reply Coupons | Revenues | Cinderella Material |